Projekt integrované public relations Celní správy ČR v územní působnosti Zlínského kraje

Saved in:
Bibliographic Details
Main Author Pagáč, Tomáš (Dissertant)
Other Authors Staňková, Pavla (Thesis advisor)
Format Manuscript Book
LanguageCzech
Published 2005
Subjects
Online AccessPlný text v Digitální knihovně UTB
Physical Description84 s.

Cover

LEADER 00000ntm a22000007u 4500
001 zp1882
041 |a cze 
100 1 |a Pagáč, Tomáš  |4 dis 
245 1 0 |a Projekt integrované public relations Celní správy ČR v územní působnosti Zlínského kraje 
246 |a Project of integrated public relations of customs management of the czech republic in the territory of zlin region 
260 |c 2005 
300 |a 84 s. 
500 |a Studijní obor: Management a marketing 
500 |a Studijní obor: Management and Marketing 
500 |a Ústav: Ústav managementu 
500 |a Univerzita Tomáše Bati ve Zlíně. Fakulta managementu a ekonomiky 
500 |a Tomas Bata University in Zlín. Faculty of Management and Economics 
506 |a Pouze v rámci univerzity 
653 |a Vztahy s veřejností 
653 |a cílové skupiny 
653 |a konkurenční výhoda 
653 |a nové kompetence 
653 |a nové příležitosti 
653 |a zahraniční obchod 
653 |a PUBLIC RELATIONS 
653 |a TARGET GROUPS 
653 |a BENEFIT OF COMPETITIVE 
653 |a NEW QUALIFICATIONS 
653 |a NEW OPPORTUNITIES 
653 |a EXTERNAL TRADE 
655 4 |a diplomová práce 
700 1 |a Staňková, Pavla  |4 ths 
710 2 |a Univerzita Tomáše Bati ve Zlíně. Fakulta managementu a ekonomiky  |4 dgg 
710 2 |a Tomas Bata University in Zlín. Faculty of Management and Economics  |4 dgg 
856 4 0 |u http://hdl.handle.net/10563/36567  |y Plný text v Digitální knihovně UTB